| 000 | 00386nam a2200157 a 4500 | ||
|---|---|---|---|
| 001 | 5580 | ||
| 003 | CDMR | ||
| 005 | 20130226161903.0 | ||
| 008 | 130130s2001||||||||||||||||||||||||||||d | ||
| 020 | _a8476099525 | ||
| 040 |
_aCDMR _bcat _cCPC GIRONA |
||
| 100 | 1 |
_92477 _aPi, Avelino |
|
| 245 | 1 | 0 |
_aSydney 2000, Ciutat i Olimpisme _cFotografies Avelino Pi |
| 260 | _c2001 | ||
| 942 |
_cMON _2ddc |
||
| 999 |
_c5580 _d5580 |
||